ARRUPE JESUIT UNIVERSITY

CORONAVIRUS -STOP THE SPREAD - CLEAN,DISINFECT,COVER

Frontiers of complexity : (Record no. 122992)

MARC details
000 -LEADER
fixed length control field 01464fam a2200325 a 4500
001 - CONTROL NUMBER
control field 1716961
005 - DATE AND TIME OF LATEST TRANSACTION
control field 20150717111919.0
008 - FIXED-LENGTH DATA ELEMENTS--GENERAL INFORMATION
fixed length control field 950602s1995 nyuaf b 001 0 eng
010 ## - LIBRARY OF CONGRESS CONTROL NUMBER
LC control number 95030353
020 ## - INTERNATIONAL STANDARD BOOK NUMBER
International Standard Book Number 0449908321
035 ## - SYSTEM CONTROL NUMBER
System control number (OCoLC)32698921
035 ## - SYSTEM CONTROL NUMBER
System control number (OCoLC)ocm32698921
035 ## - SYSTEM CONTROL NUMBER
System control number (NNC)1716961
040 ## - CATALOGING SOURCE
Original cataloging agency DLC
Transcribing agency DLC
Modifying agency DLC
-- NNC
-- OrLoB
050 00 - LIBRARY OF CONGRESS CALL NUMBER
Classification number Q172.5.C45
Item number C68 1995
082 00 - DEWEY DECIMAL CLASSIFICATION NUMBER
Classification number 501/.1
Edition number 20
100 1# - MAIN ENTRY--PERSONAL NAME
Personal name Coveney, Peter
Fuller form of name (Peter V.)
9 (RLIN) 18365
245 10 - TITLE STATEMENT
Title Frontiers of complexity :
Remainder of title the search for order in a chaotic world /
Statement of responsibility, etc Peter Coveney and Roger Highfield ; foreword by Baruch Blumberg.
250 ## - EDITION STATEMENT
Edition statement 1st ed.
260 ## - PUBLICATION, DISTRIBUTION, ETC. (IMPRINT)
Place of publication, distribution, etc New York, NY :
Name of publisher, distributor, etc Fawcett Columbine,
Date of publication, distribution, etc 1995.
300 ## - PHYSICAL DESCRIPTION
Extent xviii, 462 p., [8] p. of plates :
Other physical details ill. (some col.) ;
Dimensions 24 cm.
504 ## - BIBLIOGRAPHY, ETC. NOTE
Bibliography, etc Includes bibliographical references (p. [435]-444) and index.
520 ## - SUMMARY, ETC.
Summary, etc In this groundbreaking new book, Peter Coveney and Roger Highfield, the scientist coauthors of the highly praised The Arrow of Time, explore how complexity in mathematics, physics, biology, chemistry, and even the social sciences is transforming not only the way we think about the universe, but also the very assumptions that underlie conventional science.
650 #0 - SUBJECT ADDED ENTRY--TOPICAL TERM
Topical term or geographic name as entry element Chaotic behavior in systems.
9 (RLIN) 14155
650 #0 - SUBJECT ADDED ENTRY--TOPICAL TERM
Topical term or geographic name as entry element Complexity (Philosophy)
9 (RLIN) 18366
650 #0 - SUBJECT ADDED ENTRY--TOPICAL TERM
Topical term or geographic name as entry element Reductionism.
9 (RLIN) 11376
700 1# - ADDED ENTRY--PERSONAL NAME
Personal name Highfield, Roger.
9 (RLIN) 18367
900 ## - EQUIVALENCE OR CROSS-REFERENCE-PERSONAL NAME [LOCAL, CANADA]
Numeration TOC
942 ## - ADDED ENTRY ELEMENTS (KOHA)
Source of classification or shelving scheme Library of Congress Classification
Item type Monograph ( Printed materials)
Holdings
Withdrawn status Lost status Source of classification or shelving scheme Damaged status Not for loan Collection code Home library Current library Shelving location Date acquired Total Checkouts Full call number Barcode Date last seen Price effective from Koha item type
    Library of Congress Classification     Main Collection ARRUPE LIBRARY ARRUPE LIBRARY Main Collection 17/07/2015   Q172.5.C45 C68 1995 46500004440 03/07/2019 17/07/2015 Monograph ( Printed materials)

 

Arrupe Library. PO Box MP320 Mt Pleasant, Harare, Zimbabwe
263 242 745411|librarian@aju.ac.zw